| 000 | 00816nam a22002057a 4500 | ||
|---|---|---|---|
| 999 |
_c2025 _d2025 |
||
| 003 | AR-CdUCM | ||
| 008 | 190228b ||||| |||| 00| 0 spa d | ||
| 040 |
_aMUNICIPALIDAD PROVINCIAL DEL CUSCO _cBIBLIOTECA MUNICIPAL DEL CUSCO |
||
| 082 |
_a498.51 / _bV19 |
||
| 100 |
_aValenzuela Lovon, Armando _91192 |
||
| 245 | _aLas maravillas del quechua inka / | ||
| 260 |
_aPerú : _c2002. _c2006. |
||
| 300 |
_a330 paginas ; _c20 cm. _bilustraciones, cuadros, fotos, |
||
| 505 | _aPanorama sociolinguistico del Perú y el origen del quechua --Caracterización sociológica del Perú --El estado inka tawantinsuyo --Visión general de las lenguas que surgieron en el Perú ... | ||
| 650 |
_aEtnolinguistica _97359 |
||
| 650 |
_aIdioma _93027 |
||
| 650 |
_aQuechua _92063 |
||
| 942 |
_2ddc _cLIBROS |
||
| 945 |
_arjall _d2019-02-28 |
||